[Event "7th Llucmajor Open 2018"]
[Site "S'Arenal de Llucmajor"]
[Date "2018.05.13"]
[Round "1"]
[White "Fedorchuk, Sergey A"]
[Black "Abella Vazquez, Cesar"]
[Result "1-0"]
[WhiteElo "2637"]
[BlackElo "2113"]
[Annotator "TA"]
[PlyCount "71"]
[EventDate "2018.??.??"]
[EventType "swiss"]
[EventCountry "ESP"]
[SourceTitle "playchess.com"]
[Source "ChessBase"]
[SourceQuality "1"]

{[%evp 13,71,13,28,-5,-4,-12,0,0,0,0,0,0,0,0,0,-10,14,12,15,0,13,-18,-10,-10,-13,-26,25,18,46,42,37,31,55,5,63,36,60,57,63,42,44,44,74,91,288,288,333,318,320,312,320,301,326,315,289,321,305,314,417,400]} 1. e4 e6 2. d4 d5 3. Nd2 Nf6 4. e5 Nfd7 5. Ngf3 c5 6. c3 Nc6 7. Bd3 g6 {LiveBook: 350 Games. C06: French Tarrasch: 3...Nf6 4 e5 Nfd7 5 Bd3 main lines} 8. Nb1 $146 ({Predecessor:} 8. h4 h6 9. Qe2 Bg7 10. a3 a5 11. Qe3 b6 12. Nf1 Ba6 13. Bxa6 Rxa6 14. N1h2 Ra7 15. Ng4 a4 16. Qf4 {0-1 (53) Guseinov,G (2646)-Socko,B (2593) Riadh 2017}) 8... Qb6 {[%cal Rc5d4]} 9. Be2 $1 f6 {The position is equal.} 10. exf6 Nxf6 11. O-O cxd4 12. cxd4 Bg7 13. Nc3 O-O 14. Rb1 Bd7 15. g3 Ne4 {[%cal Bf6e4,Be4d6,Bd6f5][%mdl 32]} 16. Be3 Nd6 17. Ne5 Qd8 18. f4 Nf5 19. Bf2 Be8 (19... Nxe5 $142 20. dxe5 g5) 20. Qd2 Rc8 21. Rbd1 a6 22. Rfe1 Rc7 23. Bf1 Bf6 (23... g5 $11) 24. Nf3 Qc8 25. Bh3 Bd7 26. Bg2 b5 27. a3 Rb7 28. Ne5 Nxe5 $2 (28... Nd8 $16 {might work better.}) 29. dxe5 $18 Be7 {[#]} 30. Nxd5 $1 {[%mdl 512]} Bc6 (30... exd5 31. Qxd5+) 31. Rc1 Rd7 32. Qc3 exd5 33. Qxc6 Qxc6 34. Rxc6 d4 35. Rxa6 d3 36. Bc6 {Precision: White = 51%, Black = 32%.} 1-0

[Event "7th Llucmajor Open 2018"]
[Site "S'Arenal de Llucmajor"]
[Date "2018.05.13"]
[Round "1"]
[White "Fier, Alexandr"]
[Black "Partac, Elena"]
[Result "1-0"]
[WhiteElo "2580"]
[BlackElo "2091"]
[Annotator "TA"]
[PlyCount "95"]
[EventDate "2018.??.??"]
[EventType "swiss"]
[EventCountry "ESP"]
[SourceTitle "playchess.com"]
[Source "ChessBase"]
[SourceQuality "1"]

{[%evp 16,95,20,-10,24,20,68,75,93,76,75,73,123,129,220,222,237,229,225,202,228,138,217,220,217,226,216,221,218,217,227,229,264,257,281,279,306,289,391,366,440,443,418,410,501,492,466,325,322,321,304,272,248,261,300,319,377,362,516,497,701,694,6122,7895,2262,2250,1966,1852,12841,12842,12837,12838,12842,12843,12845,12845,12846,12846,29989,29990,29990,29991]} 1. e4 c5 2. Nf3 e6 3. d4 cxd4 4. Nxd4 Nf6 5. Nc3 Nc6 6. a3 Be7 7. Be3 O-O {B45: Sicilian Four Knights} 8. f4 d6 9. Be2 {LiveBook: 4 Games} (9. Nb3 Na5 10. g4 Nxb3 11. cxb3 d5 12. e5 Ne4 13. Nxe4 dxe4 14. Qxd8 Rxd8 15. g5 {½-½ (37) Anand,V (2783)-Radjabov,T (2756) Baku 2009}) 9... Nxd4 {The position is equal.} 10. Qxd4 $146 ({Predecessor:} 10. Bxd4 Bd7 11. O-O Bc6 12. Bf3 Qc7 13. Qe2 a6 14. Qf2 Nd7 15. Rad1 {1-0 (38) Musaeva,S (1691)-Andasheva,A Bishkek 2017}) 10... a6 11. O-O-O Qc7 12. g4 e5 13. Qd3 {And now f5 would win.} exf4 14. Bxf4 Bxg4 (14... Be6 $16) 15. Bxg4 $18 Nxg4 16. Nd5 Qd8 17. Qg3 Ne5 18. Rhg1 {[%csl Gg1][%cal Rg3g7] [#]} Ng6 (18... g6 $16 {keeps fighting.}) 19. Nxe7+ Qxe7 20. Bxd6 Qxe4 21. Bxf8 Rxf8 22. Rge1 Qc4 23. Kb1 b5 24. Qd6 Rc8 25. Rd2 ({But not} 25. Qxa6 $6 Qxc2+ 26. Ka1 Rb8 $16) 25... a5 26. Qd5 Qxd5 27. Rxd5 {[%mdl 4096] Endgame KRR-KRN} Rb8 28. Red1 Nf8 29. Rd8 Rb7 30. Ra8 f5 31. Rf1 g6 32. Rxa5 Ne6 33. a4 bxa4 34. Rxa4 Nc5 35. Rd4 Ne4 {[#] aiming for ...Nc3+.} 36. c4 {[%cal Bc2c4,Bc4c5,Bc5c6,Bc6c7][%mdl 32]} Kg7 (36... Rb4 $142 37. Rc1 Kf7) 37. Rc1 Kf6 (37... Nc5 $142 38. Rd5 Na6) 38. c5 Ke5 39. c6 Rc7 40. Rd7 Rc8 41. c7 f4 42. Rd8 Nd6 43. Rc5+ Kd4 44. Rc6 Ke3 45. Rdxd6 f3 46. Rd8 f2 47. Re6+ Kf4 48. Rf6+ {Precision: White = 83%, Black = 25%.} 1-0

[Event "7th Llucmajor Open 2018"]
[Site "S'Arenal de Llucmajor"]
[Date "2018.05.13"]
[Round "1"]
[White "Postny, Evgeny"]
[Black "Gorny, Michael"]
[Result "1-0"]
[WhiteElo "2576"]
[BlackElo "2080"]
[Annotator "TA"]
[PlyCount "63"]
[EventDate "2018.??.??"]
[EventType "swiss"]
[EventCountry "ESP"]
[SourceTitle "playchess.com"]
[Source "ChessBase"]
[SourceQuality "1"]

{[%evp 20,63,25,10,22,12,17,22,18,20,6,11,112,109,110,110,118,116,105,108,147,144,145,148,137,147,164,152,160,151,161,171,182,176,349,339,342,317,345,338,329,343,363,316,502,487]} 1. d4 Nf6 2. c4 g6 3. Nc3 d5 4. e3 Bg7 5. Qb3 e6 6. Qa3 c6 7. Nf3 Bf8 8. Qb3 Bg7 9. Be2 O-O 10. O-O {D95: Grünfeld: 4 Nf3 Bg7 5 e3 0-0 6 Qb3} Nbd7 (10... b6 11. cxd5 cxd5 12. Ne5 Bb7 13. Qa4 a6 14. Bd2 b5 15. Qa3 Nc6 16. Nxc6 Bxc6 17. Rfc1 Qd7 {½-½ (89) Bogdanovich,S (2593)-Bernadskiy,V (2570) Omelnyk 2017}) 11. Qc2 {LiveBook: 4 Games} Qe7 12. b3 $146 {The position is equal.} ({Predecessor:} 12. e4 Nxe4 13. Nxe4 dxe4 14. Qxe4 e5 15. dxe5 {½-½ (15) Nowak,I (2400)-Sapis,W (2415) Mikolajki 1991}) 12... b6 13. a4 {[%cal Ba2a4,Ba4a5,Ba5a6][%mdl 32]} Bb7 14. cxd5 exd5 15. a5 Rab8 {[#]} (15... c5 $11) 16. a6 $1 $36 {[%cal Ra6b7][%mdl 2048] White is really pushing.} Bc8 17. Ba3 c5 18. Rac1 Rd8 19. Rfd1 Qe6 20. Nb5 Ne8 21. dxc5 bxc5 22. Bxc5 {[#] Strongly threatening Nbd4.} ({Don't do} 22. Nxa7 $6 Bxa6 23. Bxa6 Qxa6 $14) 22... Nxc5 23. Qxc5 Bxa6 {aiming for ...Rdc8.} 24. Nbd4 Qf6 25. Bxa6 Qxa6 26. Nc6 Nf6 $2 (26... Rb5 {is a better defense.} 27. Ne7+ (27. Nxd8 Rxc5 28. Rxc5 Nd6 $14) (27. Qxa7 Qxa7 28. Nxa7 Rxb3 $16) 27... Kf8 28. Nxg6+ Kg8) 27. Nxd8 ({But not} 27. Nxb8 Rxb8 28. Qc7 Qb6) 27... Rxd8 28. Qc6 Qa2 29. Qa4 Qxa4 30. bxa4 Bf8 31. Rc6 Be7 (31... Ne4 {was called for.} 32. Rb1 a5) 32. Rc7 {Precision: White = 72%, Black = 25%.} 1-0

[Event "7th Llucmajor Open 2018"]
[Site "S'Arenal de Llucmajor"]
[Date "2018.05.13"]
[Round "1"]
[White "Sayrol Clols, Josep Maria"]
[Black "Zhigalko, Sergei"]
[Result "0-1"]
[WhiteElo "2102"]
[BlackElo "2606"]
[Annotator "TA"]
[PlyCount "62"]
[EventDate "2018.??.??"]
[EventType "swiss"]
[EventCountry "ESP"]
[SourceTitle "playchess.com"]
[Source "ChessBase"]
[SourceQuality "1"]

{[%evp 11,62,3,22,-58,-12,-25,-28,-23,-29,-16,-15,-9,-15,-16,14,2,0,0,0,-5,-6,-17,-18,-19,0,-17,-17,-29,-21,-91,-87,-91,-72,-91,-109,-161,-154,-203,-205,-306,-222,-403,-400,-1011,-998,-29985,-29986,-29987,-29988,-29988,-29989,-29989,-29990]} 1. e4 {[%cal Be2e4,Be4e5][%mdl 32]} c5 2. c3 Nf6 3. e5 Nd5 4. d4 (4. Bc4 Nb6 5. Bb3 d5 6. d4 cxd4 7. cxd4 Bf5 8. Nc3 e6 9. Nge2 Be7 10. O-O Nc6 11. Ng3 Bg6 12. f4 Qd7 13. Be3 Na5 14. Qe2 Nxb3 15. axb3 {½-½ (45) Kalezic,B (2455)-Djukic,N (2525) Podgorica 2017}) 4... cxd4 5. Bc4 Nb6 6. Bb3 d5 {LiveBook: 11 Games} (6... Nc6 {is interesting.} 7. Nf3 d5 8. exd6 Qxd6 9. O-O Be6) 7. Nf3 {B22: Sicilian: 2 c3} ({Better is} 7. exd6 $11 Qxd6 8. Nf3) 7... Bg4 $146 ({Predecessor:} 7... dxc3 8. Nxc3 e6 9. O-O Be7 10. Bf4 O-O 11. Rc1 Nc6 12. Qe2 Bd7 13. Rfd1 Rc8 14. Bc2 Nb4 {0-1 (34) Pascot,J (1914)-Sanvoisin,C (1855) Rennes 2009}) 8. Qxd4 Bxf3 9. gxf3 {Black has an edge.} Nc6 10. Qe3 e6 11. f4 Qc7 12. Nd2 {[%cal Bb1d2,Bd2f3,Bf3g5][%mdl 32]} a6 (12... g5 $5) 13. Nf3 g6 14. h4 h5 15. Qd3 Nd7 16. Bc2 Rc8 17. a3 Bc5 18. Ng5 {Threatens to win with Nxf7!} Ne7 19. Bd2 Qb6 20. O-O-O (20. O-O $1 $11 {remains equal.} Nf5 21. b4) 20... Bxf2 $17 21. Qf3 Nf5 22. Bxf5 gxf5 23. Rh2 (23. Kb1 $17) 23... Bc5 $19 24. Rg2 {[#]} Qb3 $1 25. Qg3 (25. Be3 $142) 25... Rg8 26. Qf3 $2 (26. Be3 {was necessary.}) 26... Nb6 27. Qxh5 {[#]} (27. Be3 $142 Bxe3+ 28. Qxe3) 27... Rxg5 $1 {[%mdl 512]} 28. Qxg5 (28. fxg5 Nc4) 28... Nc4 {[%csl Gc4][%cal Rb3b2] Black mates.} 29. Qg8+ Ke7 {[%csl Gc4][%cal Rb3b2]} 30. Qg5+ Kd7 {[%csl Gc4][%cal Rb3b2]} 31. Be1 Be3+ {Precision: White = 36%, Black = 74%.} 0-1

[Event "7th Llucmajor Open 2018"]
[Site "S'Arenal de Llucmajor"]
[Date "2018.05.13"]
[Round "1"]
[White "Biedekoepper, Robert"]
[Black "Sumets, Andrey"]
[Result "0-1"]
[WhiteElo "2083"]
[BlackElo "2577"]
[Annotator "TA"]
[PlyCount "56"]
[EventDate "2018.??.??"]
[EventType "swiss"]
[EventCountry "ESP"]
[SourceTitle "playchess.com"]
[Source "ChessBase"]
[SourceQuality "1"]

{[%evp 11,56,3,2,-32,-12,-25,-18,-22,-28,-28,-3,-10,-6,-24,0,0,0,-29,-29,-17,-17,-21,-23,-21,-22,-31,-31,-34,-40,-58,-52,-110,-34,-106,-89,-128,-117,-565,-560,-555,-550,-1956,-1939,-2517,-2481,-29991,-29992]} 1. d4 Nf6 2. c4 e6 3. Nc3 Bb4 4. e3 O-O 5. Nge2 d5 6. a3 Bd6 {LiveBook: 610 Games. E46: Nimzo-Indian: Rubinstein: 4 e3 0-0 5 Ne2 without early Bd3} (6... Be7 7. cxd5 exd5 8. g3 Re8 9. Bg2 a5 10. O-O Na6 11. h3 c6 12. g4 Nc7 13. Ng3 Nd7 14. f4 b5 15. e4 dxe4 16. Ncxe4 Ra6 {½-½ (86) Svidler,P (2760)-Karjakin,S (2763) Moscow 2018}) 7. Nb5 $146 ({Predecessor:} 7. Ng3 c6 8. Be2 Nbd7 9. O-O dxc4 10. Bxc4 e5 11. Ba2 Nb6 12. dxe5 Bxe5 13. Qc2 Qe7 14. e4 Be6 15. Bxe6 Qxe6 {½-½ (51) Lopez Martinez,J (2584)-Meier,G (2648) Batumi 2018}) 7... Be7 8. cxd5 exd5 {Black has an edge.} 9. Qc2 c6 10. Nbc3 a5 11. Ng3 Re8 12. Bd3 Nbd7 13. O-O Nf8 14. Bd2 Bd6 15. Nf5 Bc7 16. Rfe1 h5 17. g3 N8h7 18. f3 Bxf5 19. Bxf5 g6 20. Bh3 h4 21. Kf2 (21. f4 $15) 21... Nh5 (21... Qd6 $17 {[%cal Rh4g3]} 22. Ne2 Ng5) 22. g4 ({White should try} 22. f4 $15) 22... N5f6 $36 {[%mdl 2048] White is under strong pressure.} 23. Rh1 Ng5 {[%cal Bh7g5,Bg5f3,Bf3d2][%mdl 32]} 24. Bf1 $2 {[%mdl 8192] [#]} (24. Kg2 $17) 24... Nxg4+ $1 $19 {[%mdl 512]} 25. fxg4 Qf6+ 26. Kg1 {Now Bg2 and White clings on.} Nf3+ 27. Kg2 {[#]} h3+ $1 {[%mdl 512]} 28. Kxh3 Nxd2 {Precision: White = 32%, Black = 81%.} 0-1

[Event "7th Llucmajor Open 2018"]
[Site "S'Arenal de Llucmajor"]
[Date "2018.05.13"]
[Round "2"]
[White "Zhigalko, Sergei"]
[Black "Melia, Salome"]
[Result "1-0"]
[WhiteElo "2606"]
[BlackElo "2395"]
[Annotator "TA"]
[PlyCount "61"]
[EventDate "2018.??.??"]
[EventType "swiss"]
[EventCountry "ESP"]
[SourceTitle "playchess.com"]
[Source "ChessBase"]
[SourceQuality "1"]

{[%evp 12,61,10,26,43,43,41,34,33,42,31,30,43,22,50,64,71,85,118,108,124,113,140,131,137,129,212,190,402,422,417,376,428,423,435,436,529,461,446,444,474,453,490,443,751,451,459,394,517,522,572,530]} 1. e4 c5 2. Nf3 Nc6 3. Bb5 Nf6 4. Nc3 Qc7 5. d3 e6 $146 ({Predecessor:} 5... a6 6. Bxc6 Qxc6 7. O-O e6 8. Bg5 d6 9. Re1 Be7 10. e5 dxe5 11. Nxe5 Qc7 12. Qf3 {1-0 (48) Akopian,V (2673)-Zhigalko,S (2568) Plovdiv 2008}) 6. O-O {B30: Sicilian: 2...Nc6 3 Bb5, lines without ...g6} Be7 7. Re1 {LiveBook: 10 Games} d6 8. e5 {White is slightly better.} dxe5 9. Bxc6+ Qxc6 10. Nxe5 Qc7 11. Qf3 O-O 12. Bg5 a6 13. a4 a5 14. Rad1 Ra6 15. Nb5 Qd8 16. d4 $36 {[%cal Bd3d4,Bd4d5,Bd5d6][%mdl 2080] White has strong initiative.} Nd5 17. Bxe7 Qxe7 18. c4 {[%cal Bc2c4,Bc4b5][%mdl 32]} Nc7 (18... Nb4 $16 {might work better.}) 19. d5 Nxb5 $2 {[#]} (19... Ne8 20. Qf4 Bd7) 20. cxb5 $18 ({Not} 20. axb5 Rd6 $16) 20... Rd6 21. Nc4 $1 {[%csl LRa5,LRd6]} Rdd8 22. d6 Qh4 23. Nb6 Qb4 24. Qc3 Bd7 25. Re5 Qg4 26. f3 Qh4 27. Qxc5 Rfe8 (27... f5 $142 28. Rde1 Qf4 29. Nxd7 Rxd7 30. Rxe6 h6) 28. b3 Qf6 29. Qe3 h6 30. Qe4 g6 31. Re1 {Precision: White = 86%, Black = 45%.} 1-0

[Event "7th Llucmajor Open 2018"]
[Site "S'Arenal de Llucmajor"]
[Date "2018.05.13"]
[Round "2"]
[White "Sumets, Andrey"]
[Black "Naumkin, Igor"]
[Result "1-0"]
[WhiteElo "2577"]
[BlackElo "2383"]
[Annotator "TA"]
[PlyCount "71"]
[EventDate "2018.??.??"]
[EventType "swiss"]
[EventCountry "ESP"]
[SourceTitle "playchess.com"]
[Source "ChessBase"]
[SourceQuality "1"]

{[%evp 18,71,6,6,33,14,76,85,116,108,135,133,111,95,152,128,143,111,111,99,106,119,117,126,112,113,118,114,100,106,97,106,108,92,97,91,161,145,204,192,250,264,253,236,304,288,331,283,308,294,288,286,277,251,288,288]} 1. d4 Nf6 2. c4 e6 3. Nf3 b6 4. g3 Bb7 5. Bg2 Be7 6. O-O O-O 7. Re1 d5 {E17: Queen's Indian: 4 g3 Bb7 5 Bg2 Be7} 8. cxd5 exd5 9. Ne5 Re8 10. Nc3 {LiveBook: 4 Games} h6 11. Bf4 a6 $146 (11... Nbd7 $11) ({Predecessor:} 11... Nbd7 12. Qa4 Nf8 13. Nc6 Qd7 14. Nxe7+ Rxe7 15. Qxd7 Rxd7 16. Bh3 Re7 17. Nb5 {1-0 (66) So,W (2810)-Jobava,B (2687) Tbilisi 2017}) 12. Qb3 $16 c6 13. e4 b5 14. Rac1 Bf8 15. a3 g5 (15... Nbd7 $142) 16. Be3 Bg7 17. a4 Nbd7 18. axb5 axb5 19. exd5 Nxe5 20. dxe5 Nxd5 21. Nxd5 cxd5 22. Qxb5 Ba6 23. Qxd5 Qxd5 24. Bxd5 Rad8 25. Bc6 Rxe5 26. b4 {[%cal Bb2b4,Bb4b5][%mdl 32]} Rb8 (26... Bb5 $16) 27. Bc5 Rxe1+ (27... Rf5 $16 {keeps fighting.} 28. Kg2 Bb5) 28. Rxe1 $18 Bc3 {[#]} (28... Bf8 $142 29. Re8 Rxe8 30. Bxe8 Bb7) 29. Re8+ $1 Rxe8 30. Bxe8 {[%mdl 4096] Endgame KBB-KBB} Bb7 31. b5 {White has a decisive advantage.} Be5 32. Kf1 Kg7 33. Ke2 Kf6 34. Kd3 Ke6 35. Kc4 Bd5+ 36. Kb4 {Precision: White = 53%, Black = 43%.} 1-0

[Event "7th Llucmajor Open 2018"]
[Site "S'Arenal de Llucmajor"]
[Date "2018.05.14"]
[Round "2"]
[White "Galchenko, Matvey"]
[Black "Fedorchuk, Sergey A"]
[Result "0-1"]
[WhiteElo "2385"]
[BlackElo "2637"]
[Annotator "TA"]
[PlyCount "92"]
[EventDate "2018.??.??"]
[EventType "swiss"]
[EventCountry "ESP"]
[SourceTitle "playchess.com"]
[Source "ChessBase"]
[SourceQuality "1"]

{[%evp 22,92,16,19,14,4,7,0,9,-22,11,-25,-37,-22,0,-10,-6,-18,24,32,29,0,13,15,12,0,0,-17,0,-34,-13,-46,-37,-64,-69,-75,-35,-220,-66,-68,-47,-94,-103,-95,-97,-104,-101,-172,-137,-133,-135,-152,-157,-166,-166,-159,-117,-200,-179,-350,-339,-391,-387,-1414,-1247,-2685,-1356,-29994,-29995,-29995,-29995,-29998,-29998]} 1. c4 e5 2. Nc3 Nc6 3. g3 Bc5 4. Bg2 d6 5. d3 Nf6 6. Nf3 a6 7. O-O Ba7 8. a3 h6 9. b4 O-O 10. e3 {A29: English Opening: Four Knights Variation with 4 g3} Be6 11. Qc2 Qd7 12. Bb2 {LiveBook: 5 Games. The position is equal.} Rae8 13. Rac1 Nh7 14. Nd5 (14. Ne2 Bg4 15. c5 Qf5 {0-1 (34) Romanov,E (2626)-Vitiugov,N (2722) St Petersburg 2017}) 14... Nd8 15. Rfe1 $146 ({Predecessor:} 15. Nc3 Bh3 16. Qa4 c6 {0-1 (31) Segarra Calderer,A (2014)-Rios,C (2435) Barcelona 2015}) 15... Bg4 16. Kh1 c6 17. Nc3 Bh3 18. d4 Bxg2+ 19. Kxg2 f5 20. dxe5 dxe5 21. Ne2 Bb8 22. c5 Nf6 23. Red1 Qc8 24. Qc4+ Kh7 25. Rc2 Nf7 26. Rcd2 Re7 27. Nfg1 Ng5 28. Qc2 Kh8 29. Nc3 $2 {[#]} ({White should play} 29. Rd3 $15) 29... Ng4 $2 (29... f4 $1 $19 {Hoping for ...fxe3.} 30. h4 Ngh7 31. exf4 exf4) 30. h3 Nf6 31. Na4 {[#]} Bc7 $1 32. Nb6 Bxb6 $1 33. cxb6 Nd5 34. Rd3 (34. a4 $17 {is a better defense.}) 34... Qe8 ({Inferior is} 34... Nxb6 35. Qc5 $14) 35. h4 Ne4 36. Rxd5 cxd5 37. Rxd5 {intending Nf3.} Nf6 38. Rd6 Qc8 39. Qd1 (39. Qxc8 $17 Rxc8 40. Rd2) 39... Ne4 $19 40. Rd5 $2 (40. Rd3 {is the only way for White.}) 40... f4 41. exf4 exf4 {[%cal Be5f4,Bf4g3][%mdl 32]} 42. Nf3 $2 (42. Be5 fxg3 43. f3) 42... fxg3 43. Rh5 Qc6 44. Nd4 Rxf2+ {Black mates.} 45. Kg1 {[#]} Nd2 $1 {[%csl Gf2][%cal Rc6g2][%mdl 512]} 46. Nxc6 {[#]} Re1+ $1 {[%mdl 512] Precision: White = 26%, Black = 55%.} 0-1

[Event "7th Llucmajor Open 2018"]
[Site "S'Arenal de Llucmajor"]
[Date "2018.05.13"]
[Round "2"]
[White "Sadhwani, Raunak"]
[Black "Fier, Alexandr"]
[Result "1-0"]
[WhiteElo "2378"]
[BlackElo "2580"]
[Annotator "TA"]
[PlyCount "91"]
[EventDate "2018.??.??"]
[EventType "swiss"]
[EventCountry "ESP"]
[SourceTitle "playchess.com"]
[Source "ChessBase"]
[SourceQuality "1"]

{[%evp 30,91,18,9,29,28,33,0,-1,-16,-6,-13,27,0,0,0,91,90,82,68,168,187,186,192,189,179,205,202,201,199,447,463,457,461,452,451,441,431,297,383,618,631,660,572,791,297,399,379,864,864,5160,5160,5152,5152,5143,5095,29994,29995,29996,29992,29995,29996,29996,29997]} 1. e4 c5 2. Nf3 Nc6 3. d4 cxd4 4. Nxd4 Nf6 5. Nc3 e5 6. Ndb5 d6 7. Bg5 a6 8. Na3 b5 9. Nd5 Be7 10. Bxf6 Bxf6 11. c4 b4 {B33: Sicilian: Pelikan and Sveshnikov Variations} 12. Nc2 O-O 13. g3 a5 14. Bg2 Bg5 15. O-O Be6 16. b3 {LiveBook: 20 Games} Qb8 17. f4 {[%cal Bf2f4,Bf4f5,Bf5f6][%mdl 32]} Bd8 {[#]} 18. f5 $146 ({Predecessor:} 18. Kh1 Ra7 19. Qh5 {1-0 (78) Karjakin,S (2775)-Ponomariov,R (2741) Tashkent 2012}) 18... Bxd5 19. exd5 Nd4 20. Nxd4 Bb6 21. Kh1 Bxd4 22. f6 {aiming for Qh5!} g6 (22... Rc8 $1 $11) 23. Qd2 $16 Kh8 24. Rae1 {[%cal Ba1e1,Be1e4,Be4h4][%mdl 32] And now Re4 would win.} Bc3 (24... Rc8 $14) 25. Qh6 $18 {[%csl Gf6][%cal Rh6g7]} Rg8 26. Re4 $1 $40 {[%cal Re4h4][%mdl 128] White threatens Rh4 and mate. Black is in trouble.} Qf8 27. Qg5 $1 {Strongly threatening Rh4.} h6 28. Rh4 Kh7 29. Be4 a4 $2 (29... Rh8 30. Qg4 Rg8) 30. g4 $1 axb3 31. axb3 Rh8 32. Qh5 $1 Bd2 33. g5 $1 Bf4 34. Rh3 Ra2 $2 (34... Ra7 35. Bb1 Ra8) 35. c5 dxc5 36. Rd1 Ra7 37. Re1 $2 (37. d6 Kg8 38. Bxg6 $1 {[%mdl 512]}) 37... Ra6 {[#]} 38. d6 $1 {[%mdl 512]} Rxd6 $2 {[#]} (38... Kg8 39. Bxg6 Bxg5) 39. Ra1 $1 {[%cal Rh5h6] Threatening mate with Qxh6+.} Kg8 40. Bxg6 $1 Qd8 41. Bxf7+ Kf8 42. Bc4 {[%csl Gc4][%cal Rh5f7]} Rd7 {[#]} 43. Rd3 $1 {[%mdl 512] White mates.} Rhh7 (43... Rxd3 44. Qf7#) 44. g6 Rxd3 45. gxh7 {[%cal Rh7h8]} Qxf6 {[#]} 46. h8=Q+ $1 {[%mdl 512] Precision: White = 82%, Black = 30%.} 1-0

[Event "7th Llucmajor Open 2018"]
[Site "S'Arenal de Llucmajor"]
[Date "2018.05.13"]
[Round "2"]
[White "Roeder, Matthias"]
[Black "Postny, Evgeny"]
[Result "1/2-1/2"]
[WhiteElo "2370"]
[BlackElo "2576"]
[Annotator "TA"]
[PlyCount "66"]
[EventDate "2018.??.??"]
[EventType "swiss"]
[EventCountry "ESP"]
[SourceTitle "playchess.com"]
[Source "ChessBase"]
[SourceQuality "1"]

{[%evp 9,66,-3,2,-20,-17,-24,0,-19,-15,-10,-18,-14,50,0,0,-9,-16,-15,-11,-29,-20,-32,-10,-39,-39,-43,-46,-60,-53,-65,0,0,0,0,0,0,0,-10,-17,-14,0,0,0,0,0,0,0,-12,0,0,0,0,0,0,0,0,0,0,0]} 1. Nf3 d5 2. g3 Nd7 3. d4 b5 4. Bg2 Bb7 5. c3 $146 ({Predecessor:} 5. O-O e6 6. a4 b4 7. a5 Bd6 8. c3 Rb8 9. cxb4 Bxb4 10. a6 Ba8 11. Bf4 {½-½ (47) Meier,G (2650)-Eljanov,P (2711) Riadh 2017}) 5... e6 6. Qd3 {D02: 1 d4 d5 2 Nf3 sidelines, including 2...Nf6 3 g3 and 2...Nf6 3 Bf4} a6 7. Bg5 Ngf6 8. a4 c5 9. Bxf6 gxf6 10. Nbd2 f5 ({Black should try} 10... c4 $11 11. Qc2 Be7) 11. O-O c4 12. Qc2 Be7 13. b3 O-O 14. Rfb1 Bc6 15. axb5 axb5 16. Ne5 Nxe5 17. dxe5 Qc7 18. Nf3 cxb3 19. Qxb3 Rxa1 ({Black should play} 19... Bd7 $15) 20. Rxa1 $11 {The position is equal.} Rc8 21. e3 Bf8 22. Bf1 Bg7 23. Ra6 Be8 24. Bxb5 Rb8 25. c4 Qb7 26. Qd1 dxc4 27. Bxc4 Bc6 28. Nd4 Bd5 29. Ra4 Qb1 30. Qf1 {[#] Threatens to win with Bxd5.} Qxf1+ 31. Kxf1 {Bxd5 is the strong threat.} Rb1+ 32. Ke2 {aiming for Bxd5.} Rb2+ 33. Kf1 {Strongly threatening Bxd5.} Rb1+ {Precision: White = 39%, Black = 60%.} 1/2-1/2

[Event "7th Llucmajor Open 2018"]
[Site "S'Arenal de Llucmajor"]
[Date "2018.05.14"]
[Round "3"]
[White "Fedorchuk, Sergey A"]
[Black "Javakhishvili, Lela"]
[Result "1-0"]
[WhiteElo "2637"]
[BlackElo "2471"]
[Annotator "TA"]
[PlyCount "89"]
[EventDate "2018.??.??"]
[EventType "swiss"]
[EventCountry "ESP"]
[SourceTitle "playchess.com"]
[Source "ChessBase"]
[SourceQuality "1"]

{[%evp 16,89,0,0,22,-5,30,31,30,25,28,8,18,29,20,29,35,25,30,27,27,14,8,0,6,8,6,3,5,0,0,0,0,0,0,0,0,0,0,0,0,-126,-126,-120,-131,-129,-129,-119,-116,-137,-80,-118,-74,-64,-16,-9,-17,-16,-22,-15,-28,-25,-22,-52,0,0,8,8,8,8,11,8,8,3,66,69]} 1. e4 d6 2. d4 Nf6 3. Nc3 g6 4. Be3 c6 5. h3 Nbd7 6. Nf3 Bg7 7. Qd2 O-O 8. Bd3 e5 9. O-O Re8 {B08: Pirc Defence: Classical System} 10. Rfe1 (10. Rad1 b5 11. dxe5 dxe5 12. a4 a6 13. Ne2 Qe7 14. Ng3 Bb7 15. a5 c5 16. c4 b4 17. Bh6 {1-0 (49) Saric,I (2669)-Ponomariov,R (2694) Katowice 2017}) 10... b5 11. dxe5 Nxe5 12. Nxe5 Rxe5 13. a3 $146 ({Predecessor:} 13. Rad1 Bb7 14. Bf4 Re6 15. e5 dxe5 16. Rxe5 Rxe5 17. Bxe5 {½-½ (27) Rizouk,A (2518)-Peralta,F (2545) Roquetas de Mar 2009}) 13... Bb7 14. Rad1 a5 15. b4 Re6 16. Bd4 axb4 17. axb4 Qf8 18. Rb1 Bh6 19. Qd1 Nd7 20. Be3 Bg7 21. Ne2 Nf6 22. Ng3 h5 $36 {[%mdl 2048] Black has good play.} 23. Bg5 Nh7 24. Bf4 Nf6 25. Bg5 Nh7 26. Bd2 Nf6 27. f4 h4 28. Nh1 {[#]} (28. f5 $11 {remains equal.} Re5 29. Nf1) 28... c5 $1 $17 {[%cal Bc6c5,Bc5c4][%mdl 32]} 29. f5 gxf5 30. exf5 Rxe1+ 31. Bxe1 c4 32. Be2 Ne4 (32... Ra3 $142 33. Bf1 Bc8 34. Bxh4 Bxf5) 33. Bf3 Qe7 {Hoping for ...Ra3.} 34. Nf2 Re8 35. Bxe4 Bxe4 36. Qg4 $1 {[#] Strongly threatening f6!} Kf8 37. Nxe4 Qxe4 38. Bxh4 Bd4+ 39. Kh2 Qxg4 (39... Be5+ $15 40. Bg3 Qxc2 41. Bxe5 Rxe5) 40. hxg4 $15 {[%cal Bh3g4,Bg4g5][%mdl 32] KRB-KRB} Re2 41. Bg3 Rxc2 42. Bxd6+ Kg7 43. Rd1 Bc3 {aiming for ...Rd2.} 44. Bf4 Rb2 (44... Re2 $11) 45. g5 $1 {Precision: White = 66%, Black = 48%.} 1-0